|
|
|
|
| LEADER |
01968nam a2200337 a 4500 |
| 001 |
1456374 |
| 003 |
BD-DhAAL |
| 005 |
20250814202933.0 |
| 008 |
091005s1982 enka b 001 0 eng d |
| 010 |
|
|
|a 85673374
|
| 020 |
|
|
|a 0855980656 (pbk.)
|
| 040 |
|
|
|a MH
|c MH
|d DLC
|d BD-DhAAL
|
| 082 |
0 |
0 |
|a 338.4/76151/091724
|2 19
|
| 100 |
1 |
|
|a Melrose, Dianna.
|9 59086
|
| 245 |
1 |
0 |
|a Bitter pills :
|b medicines and the third world poor /
|c by Dianna Melrose.
|
| 260 |
|
|
|a Oxford :
|b OXFAM,
|c 1982
|g (1983 printing)
|
| 300 |
|
|
|a 277 pages :
|b illustrations ;
|c 21 cm
|
| 500 |
|
|
|a On cover: OXFAM Public Affairs Unit.
|
| 504 |
|
|
|a Includes Bibliographical references (p. 201-253.)and index.
|
| 541 |
1 |
|
|e 00004825
|
| 650 |
|
0 |
|a Pharmaceutical industry
|z Developing countries.
|9 59087
|
| 650 |
|
0 |
|a Pharmaceutical policy
|z Developing countries.
|9 59088
|
| 710 |
2 |
|
|a Oxfam.
|b Public Affairs Unit.
|9 59089
|
| 852 |
4 |
|
|a Ayesha Abed Library
|j General shelf
|
| 942 |
|
|
|2 ddc
|c BK
|
| 999 |
|
|
|c 4402
|d 4402
|
| 952 |
|
|
|0 0
|1 0
|2 ddc
|4 0
|6 338_476151091724000_MEL_1982
|7 0
|9 4105
|a BRACUL
|b BRACUL
|c GEN
|d 2009-10-11
|g 70.00
|l 0
|o 338.476151091724 MEL
|p 3010004825
|r 2009-10-11
|t 1
|w 2009-10-11
|y BK
|
| 952 |
|
|
|0 0
|1 0
|2 ddc
|4 0
|6 338_476151091724000_MEL_1982
|7 0
|9 4106
|a BRACUL
|b BRACUL
|c GEN
|d 2009-10-11
|g 0.00
|l 1
|o 338.476151091724 MEL
|p 3010001777
|r 2025-08-14
|s 2025-08-14
|t 2
|w 2009-10-11
|y BK
|x No price found in the accession register.
|
| 952 |
|
|
|0 0
|1 0
|2 ddc
|4 0
|6 338_476151091724000_MEL_1982
|7 0
|9 4107
|a BRACUL
|b BRACUL
|c GEN
|d 2009-10-11
|g 0.00
|l 1
|m 1
|o 338.476151091724 MEL
|p 3010000748
|r 2011-05-08
|s 2011-05-03
|t 3
|w 2009-10-11
|y BK
|x No price found in the accession register.
|
| 952 |
|
|
|0 0
|1 0
|2 ddc
|4 0
|6 338_476151091724000_MEL_1982
|7 0
|9 11495
|a BRACUL
|b BRACUL
|c GEN
|d 2010-07-04
|g 70.00
|l 0
|o 338.476151091724 MEL
|p 3010001937
|r 2010-07-04
|t 4
|w 2010-07-04
|y BK
|
| 952 |
|
|
|0 0
|1 0
|2 ddc
|4 0
|6 338_400000000000000_76151_091724_MEL
|7 0
|9 43362
|a SCL
|b SCL
|c GEN
|d 1998-11-19
|g 70.00
|l 0
|o 338.476151091724 MEL
|p 3020000844
|r 2014-07-23
|t 5
|w 2014-07-23
|y BK
|